Principi di diritto criminale : delinquente e delito. Nella scienza, legislazione, giurisprudenza in ordine al Codice Penale vigente - Progetto 1921 - Progetto 1927 /

Guardado en:
Autor Principal: Ferri, Enrico
Formato: Libro
Idioma:Italian
Publicado: Torino : Unione tipografico - editrice Torinese, 1928
Materias:
Etiquetas: Agregar Etiqueta
Sin Etiquetas, Sea el primero en etiquetar este registro!
LEADER 00543nam a22001335a 4500
001 DER.der012131
008 180615s1928####it#||||||||||||||#||ita||
005 20260127131300.0
245 1 0 |a Principi di diritto criminale :  |b delinquente e delito. Nella scienza, legislazione, giurisprudenza in ordine al Codice Penale vigente - Progetto 1921 - Progetto 1927 /  |c Enrico Ferri. 
260 |a Torino :  |b Unione tipografico - editrice Torinese,  |c 1928 
300 |a 847 p. 
100 1 |a Ferri, Enrico 
650 7 |a CRMINOLOGÍA 
859 |a DERECHO  |b BIB. DERECHO  |h 364  |i FER  |p 006874